Egypt : art & architecture /

محفوظ في:

المؤلف الرئيسي: Seidel, Matthias (مؤلف)

مؤلفون آخرون: Schulz, Regine, 1953-, Shedid, Abdel Ghaffar., Ullmann, Martina.

التنسيق: كتاب

اللغة: English

منشور في: Köln : H.f. ullmann, 2010.

الموضوعات:

الوسوم: إضافة وسم

لا توجد وسوم, كن أول من يضع وسما على هذه التسجيلة!

رقم الطلب: N5350 .S4313 2010

LEADER 01030namaa2200313 4500
001 25186
003 OSt
005 20250821092148.0
008 130303s2010 gw abo b 001 0 eng d
020 |a 9783833152818 
040 |c ARCE Library 
043 |a f-ua--- 
050 4 |a N5350 .S4313 2010 
100 1 |a Seidel, Matthias,  |e author 
245 1 0 |a Egypt :   |b art & architecture /   |c Matthias Seidel, Regine Schulz ; with contributions from Abdel Ghaffar Shedid and Martina Ullmann. 
246 3 1 |a Egypt :   |b art and architecture. 
264 1 |a Köln :   |b H.f. ullmann,   |c 2010. 
300 |a 608 pages :   |b color illustrations, color maps ;   |c 17 cm. 
500 |a "Art & architecture : Egypt" (Cover). 
504 |a Includes bibliographical references and index. 
650 0 |a Art, Egyptian. 
650 0 |a Architecture  |z Egypt. 
651 0 |a Egypt  |x Antiquities. 
700 1 |a Schulz, Regine,  |d 1953- 
700 1 |a Shedid, Abdel Ghaffar. 
700 1 |a Ullmann, Martina. 
901 |a reviewed 
942 |c BK  |2 lcc 
999 |c 21140  |d 21140